| 000 | 02373nam a22002657a 4500 | ||
|---|---|---|---|
| 001 | 216218508 | ||
| 003 | UA-OsUOA | ||
| 005 | 20201121220255.0 | ||
| 008 | 200531b un ||||| m||| 00| 0 ukr d | ||
| 040 |
_aUA-OsUOA _bukr _cUA-OsUOA _dUA-OsUOA |
||
| 041 | _aukr | ||
| 080 | _a94:27(477.82)"1945/1964" | ||
| 090 | _a94:27(477.82)"1945/1964" | ||
| 095 |
_a07.00.01 _bісторія України |
||
| 100 | _aФедчук О. М. | ||
| 245 |
_aВолинська духовна семінарія в умовах радянської тоталітарної системи (1945–1964 рр.) _cФедчук Олександр Миколайович ; наук. керівник Карліна Оксана Миколаївна |
||
| 260 |
_aЛуцьк _c2018 |
||
| 300 | _a20 с. | ||
| 502 |
_6Автореферат дисертації на здобуття наукового ступеня кандидата історичних наук
_cСхідноєвропейський національний університет імені Лесі Українки _d2018 |
||
| 520 | _aПроведено дослідження функціонування Волинської духовної семінарії в умовах радянської тоталітарної системи 1945–1964 рр. Простежено підготовку до відкриття Волинської духовної семінарії, висвітлено становлення й розвиток навчально-методичного забезпечення у ній. Проаналізовано організацію навчально-виховного процесу у закладі, охарактеризовано його викладацький склад та учнівський колектив. З’ясовано методи і способи контролю державної влади за роботою семінарії, показано вплив ідеологічних чинників на обмеження роботи навчального закладу та його закриття. | ||
| 650 |
_2UDC _a94 Історія |
||
| 942 |
_2udc _cAR |
||
| 955 | _a1 | ||
| 999 |
_c459378 _d459378 |
||